Ocean thermal energy conversion conference [5th: 1978: Miami Beach, Flirida] (Record no. 52550)
[ view plain ]
| 000 -LEADER | |
|---|---|
| fixed length control field | 00524nam a2200181Ia 4500 |
| 001 - CONTROL NUMBER | |
| control field | 55194 |
| 008 - FIXED-LENGTH DATA ELEMENTS--GENERAL INFORMATION | |
| fixed length control field | 140505s9999 xx 000 0 und d |
| 020 ## - INTERNATIONAL STANDARD BOOK NUMBER | |
| International Standard Book Number | NA |
| 040 ## - CATALOGING SOURCE | |
| Transcribing agency | PK-LaUMT |
| 082 ## - DEWEY DECIMAL CLASSIFICATION NUMBER | |
| Classification number | MAL 333.914 |
| Item number | OCE- |
| 100 ## - MAIN ENTRY--PERSONAL NAME | |
| Personal name | Abrahim Lavi |
| 245 ## - TITLE STATEMENT | |
| Title | Ocean thermal energy conversion conference [5th: 1978: Miami Beach, Flirida] |
| Statement of responsibility, etc | Abrahim Lavi |
| 260 ## - PUBLICATION, DISTRIBUTION, ETC. (IMPRINT) | |
| Place of publication, distribution, etc | Miami,USA: |
| Name of publisher, distributor, etc | The Clean Energy Research Institute, Uni. of Miami, |
| Date of publication, distribution, etc | 1978 |
| 501 ## - WITH NOTE | |
| With note | 2 vols |
| 546 ## - LANGUAGE NOTE | |
| Language note | EN |
| 650 ## - SUBJECT ADDED ENTRY--TOPICAL TERM | |
| Topical term or geographic name as entry element | Ocean thermal energy |
| 942 ## - ADDED ENTRY ELEMENTS (KOHA) | |
| Koha item type | Books |
| Withdrawn status | Lost status | Source of classification or shelving scheme | Damaged status | Not for loan | Home library | Current library | Date acquired | Total Checkouts | Full call number | Barcode | Date last seen | Price effective from | Koha item type |
|---|---|---|---|---|---|---|---|---|---|---|---|---|---|
| Dewey Decimal Classification | UMT Main Campus | UMT Main Campus | 2014-05-05 | MAL 333.914 OCE- | 75862 | 2014-05-08 | 2014-05-08 | Books | |||||
| Dewey Decimal Classification | UMT Main Campus | UMT Main Campus | 2014-06-28 | MAL 333.914 OCE- | 75864 | 2014-06-28 | 2014-06-28 | Books |
